The making of the Middle Ages /

محفوظ في:

المؤلف الرئيسي: Southern, R. W., 1912-2001 (مؤلف)

التنسيق: كتاب

اللغة: English

منشور في: London ; New York : Hutchinson's University Library, [1953].

سلاسل: Hutchinson's university library. Senior series.

الموضوعات:

الوسوم: إضافة وسم

لا توجد وسوم, كن أول من يضع وسما على هذه التسجيلة!

رقم الطلب: CB351 .S6 1953

LEADER 00754nam a2200241u 4500
001 515
003 OSt
005 20251117085252.0
008 130303s1953 enkab b 000 0 eng d
010 |a 53003291 
035 |a rdb03811463 
040 |c ARCE Library 
050 4 |a CB351 .S6 1953 
100 1 |a Southern, R. W.,   |q (Richard William),   |d 1912-2001,   |e author  |9 40332 
245 1 4 |a The making of the Middle Ages /  |c R. W. Southern. 
264 1 |a London ;  |a New York :  |b Hutchinson's University Library,  |c [1953]. 
300 |a 280 pages :  |b illustrations, map ;  |c 24 cm. 
490 0 |a Hutchinson's university library. Senior series. 
504 |a Bibliography : pages 259-265. 
650 0 |a Middle Ages. 
901 |a reviewed 
942 |c BK  |2 lcc 
999 |c 1895  |d 1895